000 00284nam a22001217a 4500
008 170531b xxu||||| |||| 00| 0 eng d
041 _aeng
080 _23 ED
_a94
100 _a17
101 _aSHH
245 _aWESTERN CIVILIZATION A BRIEF HISTORY
_cPERRY.M
942 _2udc
_cBK
999 _c15128
_d15128